<?xml version="1.0" encoding="UTF-8"?>
<collection xmlns="http://www.loc.gov/MARC21/slim">
 <record>
  <leader>00559nab a2200157 i 4500</leader>
  <controlfield tag="001">delm142817</controlfield>
  <controlfield tag="005">20200212140222.0</controlfield>
  <controlfield tag="008">200212s2010    hu      o     0||   hun d</controlfield>
  <datafield tag="040" ind1=" " ind2=" ">
   <subfield code="a">SZTE Délmagyarország Archívum</subfield>
   <subfield code="b">hun</subfield>
  </datafield>
  <datafield tag="041" ind1=" " ind2=" ">
   <subfield code="a">hun</subfield>
  </datafield>
  <datafield tag="100" ind1="1" ind2=" ">
   <subfield code="a">Bakos András</subfield>
  </datafield>
  <datafield tag="245" ind1="1" ind2="0">
   <subfield code="a">Júliustól Makón is az ASA-é a hulladék </subfield>
   <subfield code="h">[elektronikus dokumentum] :</subfield>
   <subfield code="b">még nem döntöttek a dolgozók átvételéről /</subfield>
   <subfield code="c"> Bakos András</subfield>
  </datafield>
  <datafield tag="260" ind1=" " ind2=" ">
   <subfield code="c">2010-02-25</subfield>
  </datafield>
  <datafield tag="300" ind1=" " ind2=" ">
   <subfield code="a">5</subfield>
  </datafield>
  <datafield tag="490" ind1="0" ind2=" ">
   <subfield code="a">Délmagyarország</subfield>
   <subfield code="v">100 No. 47</subfield>
  </datafield>
  <datafield tag="695" ind1=" " ind2=" ">
   <subfield code="a">Makó, Eseménynaptár Makó 2010. 02., Közgyűlés Makó</subfield>
  </datafield>
 </record>
</collection>
